Garážové brány.

Uložené v:
Podrobná bibliografia
Médium: Kniha
Jazyk:Slovak
Vydané: [2010].
Vydanie:1. vyd.
Témy:
On-line prístup:http://www.olymps-door.sk
http://www.kmont.sk
Fyzický popis: 4 s.
Tagy: Pridať tag
Žiadne tagy, Buďte prvý kto otaguje tento záznam!

MARC

LEADER 00000nam#a22000003a#4500
001 000360310
003 SVKKK
005 20100406104547.0
008 080718s2010 xo |||| 0 slo#d
040 |a SVK  |b slo  |c SVK  |e AACR2 
041 0 # |a slo 
044 |a xo  |c SK 
080 |a 692.81  |2 2001 
110 2 |a OLYMPS Group, Inc.  |c 33605 Florida, U. S. A.  |4 mfr 
245 1 0 |a Garážové brány. 
250 |a 1. vyd. 
260 # |c [2010]. 
300 |a 4 s. 
655 7 |a firemné prospekty  |2 SNKPH 
710 2 # |a K-mont s. r. o.  |c Vranovská 12, 080 06 Prešov  |4 dst 
856 4 1 |u http://www.olymps-door.sk 
856 4 1 |u http://www.kmont.sk 
910 |a svkkk 
998 |a FL 
090 |g SCKHL  |k SK42  |a 692.81  |j 220323  |i 220323  |4 zastaraná  |s Vyradená